عرض عادي عرض مارك
  • الإسلام والبيئة

مدخل مصطلح موضوعي

عدد التسجيلات المستخدمة في: 5

001 - رقم الضبط

  • حقل الضبط: 13009

003 - معرف رقم الضبط

  • حقل الضبط: OSt

005 - تاريخ ووقت أخر عملية

  • حقل الضبط: 20120509145518.0

008 - عناصر بيانات ثابتة الطول

  • حقل تحكم ثابت الطول: 120509|||a|||||| | ||| d

040 ## - مصدر الفهرسة

  • هيئة الفهرسة الأصلية: OSt
  • وكالة الكتابة: OSt

150 ## - مدخل-- مصطلح تاريخي

  • عنصر مدخل المصطلح الموضوعي او الاسم الجغرافي: الإسلام والبيئة

670 ## - بيانات المصدر موجوده

  • الاستشهاد بالمصدر: Work cat.: (OSt): الزهراني، عبد الله بن محمد علي 13008, البيئة من منظور التربية الإسلامية /, 2012